| 000 | 00654nam a22002177a 4500 | ||
|---|---|---|---|
| 003 | BD-DhJNU | ||
| 005 | 20251009062933.0 | ||
| 008 | 251009b |||||||| |||| 00| 0 eng d | ||
| 020 | _a9780393930993 | ||
| 040 |
_aBD-DhJNU _bENG _cBD-DhJNU _dBD-DhJNU |
||
| 082 |
_223 _a909.09821 |
||
| 100 | _aCoffin, Judith G. | ||
| 245 |
_aWestern civilizations / _cJudith G. Coffin and Robert C. Stacey |
||
| 250 | _a16th ed. | ||
| 260 |
_aNew York : _bW. W. Norton & Company, _c2008. |
||
| 300 |
_axxviii, 1071 p. [various] : _bill. ; _c29 cm. |
||
| 504 | _aincludes index | ||
| 650 | _aWestern Civilizations | ||
| 700 | _aStacey, Robert C. | ||
| 942 |
_2ddc _cBK _n0 |
||
| 999 |
_c2223 _d2223 |
||